Loading...
| History - World | 0 | 9 | 1 | 2 | 85 | 62 | 101.11 | 2 | 6 | 0.00 | 0.00 |
| History - European | 0 | 8 | 1 | 1 | 75 | 49 | 106.00 | 2 | 3 | 0.00 | 0.00 |
| History - American | 0 | 8 | 2 | 3 | 70 | 59 | 110.25 | 1 | 3 | 0.00 | 0.00 |
| History - Other | 0 | 7 | 1 | 0 | 65 | 56 | 94.00 | 2 | 4 | 0.00 | 0.00 |
| Fine Arts - Other | 0 | 6 | 0 | 1 | 60 | 71 | 106.50 | 1 | 4 | 0.00 | 0.00 |
| Fine Arts - Painting & Sculpture | 0 | 6 | 2 | 0 | 50 | 51 | 98.67 | 3 | 5 | 0.00 | 0.00 |
| Religion | 0 | 4 | 2 | 0 | 30 | 50 | 104.25 | 0 | 1 | 0.00 | 0.00 |
| Philosophy | 0 | 3 | 0 | 1 | 30 | 134 | 142.33 | 0 | 1 | 0.00 | 0.00 |
| Other Academic | 0 | 2 | 0 | 1 | 20 | 129 | 140.00 | 0 | 0 | 0.00 | 0.00 |
| Literature - British | 0 | 2 | 0 | 0 | 20 | 134 | 139.50 | 0 | 0 | 0.00 | 0.00 |
| Science - Other | 0 | 1 | 0 | 0 | 10 | 108 | 108.00 | 0 | 1 | 0.00 | 0.00 |
| Fine Arts - Classical Music | 0 | 1 | 0 | 0 | 10 | 74 | 74.00 | 0 | 0 | 0.00 | 0.00 |
| Geography | 0 | 2 | 2 | 1 | 10 | 81 | 113.50 | 0 | 0 | 0.00 | 0.00 |
| Current Events | 0 | 1 | 0 | 0 | 10 | 100 | 100.00 | 0 | 1 | 0.00 | 0.00 |
| Literature - World | 0 | 1 | 0 | 0 | 10 | 151 | 151.00 | 0 | 0 | 0.00 | 0.00 |
| Mythology | 0 | 1 | 0 | 0 | 10 | 146 | 146.00 | 0 | 0 | 0.00 | 0.00 |
| Science - Biology | 0 | 1 | 0 | 0 | 10 | 116 | 116.00 | 0 | 0 | 0.00 | 0.00 |
| Science - Physics | 0 | 1 | 0 | 0 | 10 | 54 | 54.00 | 1 | 1 | 0.00 | 0.00 |
| Social Science | 0 | 1 | 1 | 0 | 5 | 131 | 131.00 | 0 | 0 | 0.00 | 0.00 |
| Literature - European | 0 | 0 | 2 | 0 | -10 | 0.00 | 0 | 0 | 0.00 | 0.00 |